Football Teams Roman Eremenko Played For - Statistics

General Stats
  • This quiz has been taken 7 times
  • The average score is 9 of 11
Answer Stats
League Years Team % Correct
Russia 2014-2017 CSKA Moscow
100%
Ukraine 2008-2011 FC Dynamo Kyiv
100%
Finland 2023-2024 FC Honka
100%
Finland 2004-2005 FF Jaro
100%
Russia 2011-2014 FC Rubin Kazan
83%
Italy 2007 ACR Siena
67%
Russia 2018-2019 FC Spartak Moscow
67%
Finland 2022-2023 Helsinki IFK
67%
Italy 2005-2007 Udinese Calcio
67%
Italy 2007-2008 Udinese Calcio
67%
Russia 2019-2021 FK Rostov
50%
No matching quizzes found
Score Distribution
Percent of People with Each Score
Percentile by Number Answered
Your Score History
You have not taken this quiz